000 00662nam a2200229Ia 4500
003 OSt
005 20220926041830.0
006 a|||||r|||| 00| 0
007 ta
008 220923b |||||||| |||| 00| 0 eng d
037 _cGeneral Book
040 _aRTL
_cRTL
_beng
041 _2eng
_aeng
082 _aX9:89P, J7
100 _aBaldwin Edward N
_9345415
245 0 _aDesigning for production
490 _aIrwin Series in Industrial Engineering and Management
650 _aOffice Management
700 _a Niebel Bengamin W
_9345416
942 _hX9:89P, J7
_cGB
_2CC
999 _c668161
_d668161